|
|
|
|
| LEADER |
00000cam a2200000 a 4500 |
| 001 |
vtls010694400 |
| 003 |
SK-MaSNL |
| 005 |
20260302051149.0 |
| 008 |
170706s2014 xo oda g n 000 0dslo |
| 015 |
|
|
|a SNBA2016/07
|
| 020 |
|
|
|a 9788085754322 (viaz.)
|
| 035 |
|
|
|a 4F95F177-1702-40BF-BAD3-73407F1D261A
|
| 035 |
|
|
|a urn:nbn:sk:snk-amllt7
|
| 035 |
|
|
|a urn:nbn:sk:snk-am00bjom
|
| 040 |
|
|
|a SNK
|b slo
|c SNK
|e AACR2
|
| 041 |
0 |
|
|a slo
|
| 044 |
|
|
|a xo
|c SK
|
| 072 |
|
7 |
|a 53
|x Fyzika
|2 konspekt
|
| 072 |
|
7 |
|a 523/524
|x Slnečná sústava Hviezdy. Vesmír
|2 konspekt
|
| 080 |
|
|
|a 523.4
|2 2011
|
| 080 |
|
|
|a 523
|2 2011
|
| 080 |
|
|
|a 523.31
|2 2011
|
| 080 |
|
|
|a (048.8)
|2 2011
|
| 245 |
0 |
0 |
|a Akrécia Zeme s podporou impulzných magnetických polí
|c Igor Túnyi ... [et al.]
|
| 260 |
|
|
|a Bratislava
|b Geofyzikálny ústav SAV
|c 2014
|
| 300 |
|
|
|a 317 s.
|b fareb. fotogr., grafy, ilustr., tab.
|c 24 cm
|e 1 DVD
|
| 336 |
|
|
|a text
|b txt
|2 marccontent
|
| 337 |
|
|
|a bez média
|b n
|2 marcmedia
|
| 338 |
|
|
|a zväzok
|b nc
|2 marccarrier
|
| 366 |
|
|
|e 1000 výt.
|
| 500 |
|
|
|a Biogr. údaje
|
| 504 |
|
|
|a Bibliogr. odkazy
|
| 650 |
0 |
7 |
|a planéty
|2 SNKPH
|9 1784
|
| 650 |
0 |
7 |
|a Planets
|2 SNKPHeng
|9 345218
|
| 650 |
0 |
7 |
|a Solar system
|2 SNKPHeng
|9 328273
|
| 651 |
|
7 |
|a Zem (planéta)
|2 SNKPH
|9 75616
|
| 651 |
|
7 |
|a Slnečná sústava
|2 SNKPH
|9 1785
|
| 651 |
|
7 |
|a Earth (Planet)
|2 SNKPHeng
|9 207355
|
| 655 |
|
7 |
|a monografie
|2 SNKPH
|9 70139
|
| 655 |
|
7 |
|a Monographs
|2 SNKPHeng
|9 120675
|
| 700 |
1 |
|
|a Aubrecht, Roman,
|d 1967-
|4 aut
|9 227068
|
| 700 |
1 |
|
|a Guba, Peter
|4 aut
|9 481503
|
| 700 |
1 |
|
|a Šoltis Tomáš
|4 aut
|9 706455
|
| 700 |
1 |
|
|a Bočík, Andrej
|4 aut
|9 543047
|
| 700 |
1 |
|
|a Majcin, Dušan
|4 aut
|9 622697
|
| 700 |
1 |
|
|a Brimich, Ladislav,
|d 1950-
|4 aut
|9 39899
|
| 700 |
1 |
|
|a Bilčík, Dušan
|4 aut
|9 706456
|
| 700 |
1 |
|
|a Túnyi, Igor,
|d 1949-2014
|4 aut
|4 com
|9 52728
|
| 710 |
2 |
|
|a Slovenská akadémia vied.
|b Geofyzikálny ústav
|4 pbl
|9 74635
|
| 919 |
|
|
|a 978-80-85754-32-2
|
| 958 |
|
|
|a NB
|
| 999 |
|
|
|c 1100152
|d 1102082
|
| 952 |
|
|
|a SNK
|b SNK
|y PREZ
|7 0
|p 17A1197918
|o snkSC 170245
|i snk2016/15153
|8 0
|0 0
|1 0
|4 0
|d 2016-06-10
|f 1
|l 0
|r 2025-09-08 00:00:00
|w 2026-02-24
|
| 952 |
|
|
|a SNK
|b SNK
|y VYP
|7 0
|p 17A1197920
|o snkSC 170245 D1
|i snk2016/15154
|8 0
|0 0
|1 0
|4 0
|d 2016-06-10
|l 0
|r 2026-02-24 17:27:44
|w 2026-02-24
|
| 952 |
|
|
|a SNK
|b SNK
|y PREZ
|7 0
|p 17A1197919
|o snkSC 170245/príl.
|i snk2016/15153
|8 0
|3 CD príloha
|z CD príloha
|0 0
|1 0
|4 0
|d 2016-06-10
|f 1
|l 0
|r 2025-09-08 00:00:00
|w 2026-02-24
|
| 952 |
|
|
|a SNK
|b SNK
|y PREZ
|7 0
|p 17A1197921
|o snkSC 170245/príl. D1
|i snk2016/15154
|8 0
|3 CD príloha
|z CD príloha
|0 0
|1 0
|4 0
|d 2016-06-10
|l 0
|r 2026-02-24 17:27:44
|w 2026-02-24
|